Teen tips: a practical survival guide for parents with ids 11-19 (Record no. 571400)

MARC details
000 -LEADER
fixed length control field 00692nam a22001817a 4500
008 - FIXED-LENGTH DATA ELEMENTS--GENERAL INFORMATION
fixed length control field 250531b |||||||| |||| 00| 0 eng d
020 ## - INTERNATIONAL STANDARD BOOK NUMBER
ISBN 9780743474368
Paper back/Hardbound pbk
041 ## - LANGUAGE CODE
Language code of text/sound track or separate title eng
082 ## - DEWEY DECIMAL CLASSIFICATION NUMBER
Classification number 649.125
Item number MCM
100 ## - MAIN ENTRY--AUTHOR NAME
Personal name McMahon, Tom
245 ## - TITLE STATEMENT
Title Teen tips: a practical survival guide for parents with ids 11-19
Statement of responsibility, etc Tom McMahon
260 ## - PUBLICATION, DISTRIBUTION, ETC. (IMPRINT)
Place of publication New York
Name of publisher Pocket Books
Year of publication 1996
300 ## - PHYSICAL DESCRIPTION
Number of Pages xix, 249 p.
520 ## - SUMMARY, ETC.
Summary, etc Teen Tips is full of down-to-earth, inventive advice. It's an indispensable guide to navigating the teen years—and making the journey as rewarding for the parent as it is for the aspiring young adult.
650 ## - SUBJECT ADDED ENTRY--TOPICAL TERM
Topical Term Adolescence,
942 ## - ADDED ENTRY ELEMENTS (KOHA)
Koha item type English Books
Holdings
Withdrawn status Lost status Damaged status Not for loan Home library Current library Shelving location Date acquired Full call number Accession Number Price effective from Koha item type
        Anna Centenary Library Anna Centenary Library 6TH FLOOR, A WING 31.05.2025 649.125 MCM 447953 31.05.2025 English Books

Find us on the map